000 00653nam a2200241 i 4500
001 C2-0275269
003 PPAK
005 20180728004113.0
008 061016s2005 nyu |||| ||||| | eng d
020 _a0060758813
040 _aPPAK
_beng
_cPPAK
_erda
082 0 4 _a808.8
_223
090 0 0 _a808.8
_bPOE
_dLCK
100 1 _aPoe, Edgar Allan,
_eauthor
245 1 0 _aEdgar Allan Poe collection
264 1 _aNew York :
_bHarperCollins Publishers ,
_c2005
300 _a166 pages ;
_c19 cm
336 _2rdacontent
_atext
337 _2rdamedia
_aunmediated
338 _2rdacarrier
_avolume
650 1 0 _aLiterature - Collections.
942 _ddc
_cB
999 _c82956
_d82956